01062nam a22002895i 4500999001700000003000900017005001700026008004100043020001800084040004300102082001900145100003300164245004500197246001500242264007300257300002300330336002600353337002800379338002700407504004100434650004000475650005600515653002700571655001700598942001200615952014500627 c27910d27881EG-ScBUE20191217112636.0191130s2018 ii f b 000 0 eng d a9788131307205 aEG-ScBUEbengerdacEG-ScBUEdEG-ScBUE04a425.5bKLE2221 aKleiser, Grenville,eauthor.10aBook of adjectives /cGrenvilie Kleiser.30aAdjectives 1aNew Delhi :bA. P. H. Publishing Corporation :bS. B. Nangia,c2018. a236 pages ;c19 cm atextbtxt2rdacontent aunmediatedbn2rdamedia avolumebnc2rdacarrier aIncludes bibliographical references. 7aEnglish languagexAdjective.2BUEsh 7aGrammar, Comparative and generalxAdjective.2BUEsh bHHUUEENNcNovember2019 vReading book 2ddccBB 00102ddc40708BaccahaMAINbMAINc2NDd2019-11-30ePurchaseg357.00l0o425.5 KLEp000048387r2025-07-15 00:00:00v446.25w2019-11-30yBB